| 000 | 00634nam a22002177a 4500 | ||
|---|---|---|---|
| 001 | BD-DhSAU 3949 | ||
| 003 | BD-DhSAU | ||
| 005 | 20150210164306.0 | ||
| 008 | 150210b1985 ii |||| |||| 000 0 eng d | ||
| 040 | _aBD-DhSAU | ||
| 082 |
_222 _a370.1901 _bAGT |
||
| 100 | _aAggarwal, J C | ||
| 245 |
_aTheory and principles of education : _bphilosophical and sociological bases of education / _cJ C Aggarwal |
||
| 250 | _a8th ed. | ||
| 260 |
_aIndia : _bVikas Publishing , _c1985. |
||
| 300 |
_aviii, 414 p. : _c22 cm. |
||
| 590 | _atamanna | ||
| 650 | _aeducation | ||
| 650 | _aphilosophy-education | ||
| 650 | _asociology-education | ||
| 942 |
_2ddc _cBOOK |
||
| 999 |
_c3949 _d3949 |
||